=LDR 00000nam 2200000 4500 =001 INLIS000000000036776 =005 20130612142537 =008 ***********************************Ind** =035 ##$$0010-061300000036776 =041 ##$$a Ind =082 ##$$a 658.312 2 =090 ##$$a 658.312 2, Mul p =100 ##$$a Mulyono =245 ##$$a Pensiun dini siapa takut ? kehidupan baru dimulai setelah pensiun, Mulyono =260 ##$$a 2011 $b Jakarta =300 ##$$a XI, 155 HLM, ILUS, 21 CM =650 ##$$a Pensiun =850 ##$$a NBPNMAT =990 ##$$a 0001/BPAP-NTB/20142015 =990 ##$$a 0001/BPAP-NTB/2016